Sirvientas sexuales / Lucila Funes
保存先:
| 第一著者: | |
|---|---|
| フォーマット: | 図書 |
| 言語: | Spanish |
| 主題: | |
| タグ: |
タグ追加
タグなし, このレコードへの初めてのタグを付けませんか!
|
MARC
| LEADER | 00000nam a22000007a 4500 | ||
|---|---|---|---|
| 003 | cru CIDCACS/IIS | ||
| 005 | 20230126110136.0 | ||
| 008 | 230126b |||||||| |||| 00| 0 spa d | ||
| 040 | |c cru CIDCACS/IIS | ||
| 100 | 1 | |9 10887 |a Funes, Lucila |e Autor | |
| 245 | 1 | |a Sirvientas sexuales / |b Lucila Funes | |
| 300 | |a páginas 22-23: |b ilustraciones | ||
| 500 | |a Colección Centroamérica | ||
| 650 | 0 | |9 6507 |a PROSTITUCION | |
| 650 | 7 | |9 9777 |a NIÑOS DE LA CALLE | |
| 651 | 4 | |9 2652 |a HONDURAS | |
| 773 | 0 | |0 43109 |9 7779 |a Coordinadora Regional de Investigaciones Económicas y Sociales |d Managua, Nicaragua: CRIES, 1982- |o 22371 |t Pensamiento Propio / | |
| 942 | |2 ddc |c PP | ||
| 999 | |c 44688 |d 44688 | ||
